Twosday - Statistics

General Stats
  • This quiz has been taken 15 times
  • The average score is 4 of 8
Answer Stats
Hint Answer % Correct
Two is the first ___ numberand the only ___ even number. Prime
91%
Which two Chinese words represent positivity and negativity? Yin and Yang
91%
In chemistry, two is the atomicnumber for _____. Helium
82%
What binary number represents the number two? 10
64%
Which two presidentsran unopposed? (____ and _____) George Washingtonand James Monroe
27%
Which verse in the Bible only has two words? (NIV) Jesus wept.
27%
Which mathematician thought that two was unlucky? Pythagoras
27%
Two was originally written as ________ lines. Horizontal
18%
No matching quizzes found
Score Distribution
Percent of People with Each Score
Percentile by Number Answered
Your Score History
You have not taken this quiz